000 01480nam a2200325 a 4500
001 ebr10582819
003 CaPaEBR
006 m u
007 cr cn|||||||||
008 120810s2012 ne sb 001 0 eng d
020 _z9789042034730
020 _z9789401207522 (e-book)
040 _aCaPaEBR
_cCaPaEBR
035 _a(OCoLC)806012531
050 1 4 _aBD362
_b.L66 2012eb
245 0 0 _aLooking beyond?
_h[electronic resource] :
_bshifting views of transcendence in philosophy, theology, art, and politics /
_cedited by Wessel Stoker and W.L. van der Merwe.
260 _aAmsterdam ;
_aNew York :
_bRodopi,
_c2012.
300 _a527 p.
490 1 _aCurrents of encounter ;
_vv. 42
504 _aIncludes bibliographical references and indexes.
505 0 _apt. 1. Philosophy : historical approaches -- pt. 2. Contemporary philosophy -- pt. 3. Philosophical theology -- pt. 4. Christian theology -- pt. 5. Politics -- pt. 6. Art.
533 _aElectronic reproduction.
_bPalo Alto, Calif. :
_cebrary,
_d2013.
_nAvailable via World Wide Web.
_nAccess may be limited to ebrary affiliated libraries.
650 0 _aTranscendence (Philosophy)
655 7 _aElectronic books.
_2local
700 1 _aStoker, W.
_q(Wessel)
700 1 _aVan der Merwe, W. L.
710 2 _aebrary, Inc.
830 0 _aCurrents of encounter ;
_vv. 42.
856 4 0 _uhttp://site.ebrary.com/lib/rucke/Doc?id=10582819
_zAn electronic book accessible through the World Wide Web; click to view
999 _c83372
_d83372